000 00653cam a22002413a 4500
001 6664
003 PGUSA
005 20140828083135.0
008 060422s2006||||xxu|||||s|||||000 1 eng d
040 _aPGUSA
_beng
042 _adc
050 4 _aPQ
100 1 _aLoti, Pierre,
_d1850-1923
245 1 4 _aThe Story of a Child
_h[electronic resource] /
_cPierre Loti
260 _bProject Gutenberg,
_c2006
506 _aPublic domain in the USA.
516 _aElectronic text
653 _aChildren -- Fiction
700 1 _aSmith, Caroline F.
830 0 _aProject Gutenberg
_v6664
856 4 0 _uhttp://www.gutenberg.org/ebooks/6664
942 _cEB
999 _c235984
_d235984